000 00490 a2200169 4500
003 OSt
005 20240110153028.0
008 240110b |||||||| |||| 00| 0 eng d
020 _a9789382581208
040 _coclc
082 _a297
_bAKB/M
100 _aAkbar, M M
_92026
245 _aMUHAMMAD NABI CHARTHRASROTHASSUKALUM CHARITHRAPARATHAYUM /
_cM M Akbar
260 _aKerala:
_bDa'wa books
_c2012.
300 _a260p
942 _2ddc
_cBK
_h297
_iAKB/M
_k297
_mAKB/M
999 _c43058
_d43058